Nafas-nafas cinta /
| Main Author: | |
|---|---|
| Format: | Book |
| Published: |
Kuala Lumpur:
Melati Pub,
1994.
|
| Subjects: |
| LEADER | 00562cam a2200217 7i4500 | ||
|---|---|---|---|
| 001 | 0000057319 | ||
| 005 | 20151104090000.0 | ||
| 005 | ##20151104175400.0 | ||
| 002 | ##000005388 | ||
| 003 | ##MY-KlINT | ||
| 008 | 151104 00010 eng | ||
| 020 | # | # | |a 9869806114 |
| 039 | # | 9 | |y 201511041754 |z VLOAD |
| 090 | 0 | 0 | |a F RAC |
| 100 | 1 | # | |a RACHMAN, Richie |
| 245 | 0 | 0 | |a Nafas-nafas cinta / |c Richie Rachman. |
| 260 | # | # | |a Kuala Lumpur: |b Melati Pub, |c 1994. |
| 300 | # | # | |a 125 p; |c 17cm. |
| 650 | # | 0 | |a Love stories, Malay |
| 650 | # | 0 | |a Young adult fiction, Malay |
| 650 | # | 0 | |a Malay fiction |